| 000 | 00745nam a2200229 a 4500 | ||
|---|---|---|---|
| 001 | 13986 | ||
| 003 | BD-JhCC | ||
| 005 | 20240520202159.0 | ||
| 008 | 201118b2014 bg |||| ||a| 001 0 ben d | ||
| 020 | _a9789849081333 | ||
| 035 | _a(BD-JhCC)13986 | ||
| 040 |
_aBD-JhCC _dBD-JhCC |
||
| 041 | _aben | ||
| 082 |
_a920 _bBAN 2014 |
||
| 245 |
_aবঙ্গবন্ধু: _bহত্যা জাতির বিরূদ্ধে সংঘটিত অপরাধ / _cসম্পাঃ আবদুল মতিন। |
||
| 260 |
_aঢাকা: _bমহাকাল; _c2014. |
||
| 300 |
_a96 p. : _c22 cm. |
||
| 600 | _aBaṅgabandhu Mujibara Rahamāna | ||
| 700 | _aমতিন,আবদুল | ||
| 942 |
_2ddc _cBK |
||
| 999 |
_c13986 _d13986 |
||